| 000 | 01484nam a22003857a 4500 | ||
|---|---|---|---|
| 003 | CHAP | ||
| 005 | 20220329142021.0 | ||
| 008 | 990302d1998 mx r 00110 spa d | ||
| 010 | _a77134 | ||
| 011 | _a78106 | ||
| 035 | _a87944 | ||
| 040 | _cCHAP | ||
| 090 | _aTesis | ||
| 100 | 0 | 0 |
_aRamírez García, Víctor Hugo. _994021 |
| 245 | 1 | 0 |
_aGanancia de peso de conejos destetados, alimentados con tres niveles de coquia-alfalfa (Kochia scoparia L. Schrad var. Esmeralda-Medicago sativa L.) _c/por Víctor Hugo Ramírez García y José Luis Méndez Villagómez |
| 260 |
_aChapingo, Méx. : _bEl autor, _c1998. |
||
| 300 |
_a52 h. : _bgráfs. ; cuadros |
||
| 502 | _aTesis (Ing. Agr. Esp. en Zootecnia) -- UACH. Departamento de Zootecnia | ||
| 590 |
_aALEPH _b10 _c20130110 _lUCH01 _h1428 |
||
| 590 |
_aBATCH-UPD _b10 _c20130110 _lUCH01 _h0732 |
||
| 590 |
_aBATCH-UPD _b10 _c20130410 _lUCH01 _h0415 |
||
| 590 |
_aBATCH-UPD _b10 _c20130914 _lUCH01 _h0252 |
||
| 590 |
_aCONVERSION _b10 _c20130109 _lUCH01 _h1342 |
||
| 650 | 1 | 4 |
_aAlfalfa como forraje. _93899 |
| 650 | 1 | 4 |
_aConejos _xAlimentación. _926353 |
| 650 | 1 | 4 |
_aConejos _xPeso. _926374 |
| 650 | 1 | 4 |
_aKochia scoparia. _963592 |
| 700 | 0 |
_aMéndez Villagómez, José Luis. _976598 |
|
| 901 | _aBK | ||
| 905 | _aGuadalupe Pinto C. | ||
| 942 | _cFOLL | ||
| 949 |
_bBC _cTES _d33724000710885 _eTS2 _fc.2 _h33683 _i87944 _sb |
||
| 949 |
_bBC _cTES _d33724000758678 _eTS2 _fc.3 _h35516 _i87944 _si |
||
| 949 |
_bBC _cTES _d879441 _eTS1 _h33682 _i87944 _sb |
||
| 999 |
_c77134 _d77134 |
||